000 03651cam a22012374i 4500
003 PE-LiUPU
005 20250813185355.0
008 150623s1998 pe a rb 000 0 sp d
035 _a(Sirsi) a20662
040 _aPE-LiUPU
_bspa
_cPE-LiUPU
_erda
082 0 4 _a310
_bA921998
_221
100 1 _aAvila Acosta, Roberto B.,
_eautor.
245 1 0 _aEstadística elemental /
_cRoberto B. Avila Acosta.
264 1 _aLima :
_bEstudios y ediciones R.A.,
_c1998.
300 _a424 páginas :
_bilustraciones, cuadros, gráficos ;
_c21 cm.
336 _atext
_2rdacontent
337 _aunmediated
_2rdamedia
338 _avolume
_2rdacarrier
500 _aEd. rev., amp. y act.
504 _aIncluye bibliografía.
505 0 _aIntroducción. -Recolección de datos. -Presentación de datos. -Reducción de los datos. -Números índices. -Distribuciones bidimensionales de frecuencia. -Regresión y correlación. -Sries cronológicas. -Introducción a la probabilidad. -Anexo: Sumatorias simples problemas tablas estadísticas.
526 _aP202
526 _aP201
526 _aP163
526 _aP162
526 _aP161
526 _aP160
526 _aP148
526 _aP147
526 _aP146
526 _aP145
526 _aP144
526 _aP143
526 _aP142
526 _aP141
526 _aP140
526 _aP139
526 _aP138
526 _aP137
526 _aP136
526 _aP135
526 _aP134
526 _aP133
526 _aP129
526 _aP128
526 _aP127
526 _aP120
526 _aP119
526 _aP118
526 _aP116
526 _aP115
526 _aP114
526 _aP110
526 _aP109
526 _aP108
526 _aP104
526 _aP103
526 _aP102
526 _aP99
526 _aP98
526 _aP97
526 _aP96
526 _aP95
526 _aP93
526 _aP90
526 _aP89
526 _aP88
526 _aP83
526 _aP82
526 _aP62
526 _aP59
526 _aP58
526 _aP57
526 _aP51
526 _aP49
526 _aP48
526 _aP47
526 _aP29
526 _aP24
526 _aP20
526 _aP19
526 _aP17
526 _aP15
526 _aP14
526 _aP12
526 _aP10
526 _aP09
526 _aP08
526 _aP07
526 _aP06
526 _aP05
526 _aP04
526 _aP01
650 0 4 _aEstadística.
942 _2ddc
_cBOOK
949 _a310 A92 1998
_wDEWEY
_c1
_i48496
_lCCODEBUL1
_mBUL
_p00.00
_r0
_sY
_tBOOK
_u2015-06-24
_xINGENIERIA
_zUNKNOWN
_0COMPRA
_o.STAFF. Colección General
949 _a310 A92 1998
_wDEWEY
_c2
_i44169
_lCCODEBUL1
_mBUL
_p00.00
_r0
_sY
_tBOOK
_u2015-06-24
_xINGENIERIA
_zUNKNOWN
_0COMPRA
_o.STAFF. Colección General
949 _a310 A92 1998
_wDEWEY
_c3
_i44170
_lCCODEBUL1
_mBUL
_p00.00
_r0
_sY
_tBOOK
_u2015-06-24
_xINGENIERIA
_zUNKNOWN
_0COMPRA
_o.STAFF. Colección General
596 _a1
999 _a310 A92 1998
_wDEWEY
_c21045
_i48496
_d21045
_e2018-3-5
_f2021-11-5
_g7
_lCCODEBUL1
_mBUL
_n1
_p40.00
_q1
_r0
_sY
_tBOOK
_u2015-6-24
_xBIBLIOTECA
_zUNKNOWN
_0COMPRA
_o.STAFF. Colección General
999 _a310 A92 1998
_wDEWEY
_c2
_i44169
_d2017-2-11
_f2019-12-9
_g6
_lDISCARD
_mBUL
_q1
_r1
_sY
_tBOOK
_u2015-6-24
_xINGENIERIA
_zUNKNOWN
_0COMPRA
_o.STAFF. Colección General
999 _a310 A92 1998
_wDEWEY
_c3
_i44170
_d2017-2-11
_f2021-11-5
_g7
_lCCODEBUL1
_mBUL
_q1
_r0
_sY
_tBOOK
_u2015-6-24
_xBIBLIOTECA
_zUNKNOWN
_0COMPRA
_o.STAFF. Colección General
980 _81
_gALBERTO SANCHEZ Responsable de Automatización